| 000 | 02073nam a2200433 i 4500 | ||
|---|---|---|---|
| 001 | DIGPLAVLDS0041 | ||
| 003 | NyNyDIG | ||
| 006 | m o d | ||
| 007 | cr ||||||||||| | ||
| 008 | 210513s2013 mx ob 000 0 spa d | ||
| 020 |
_z9786075061054 _qUniversidad Autónoma de Coahuila |
||
| 020 |
_z9786074025729 _qPlaza y Valdés |
||
| 035 | _a(OCoLC)880436078 | ||
| 040 |
_aDGITA _beng _erda _epn _cDGITA |
||
| 043 | _an-mx--- | ||
| 050 | 1 | 4 | _aBF481 ebook |
| 245 | 0 | 0 |
_aEfectos del estrés (SQT) en los directivos y/o propietarios de PYMES : _bindustria de alimentos en los Estados de México, Coahuila, Puebla, Sonora y Tamaulipas / _cSilvestre Fernández Ruiz, Rosalva D. Vásquez Mireles (coordinadores) |
| 264 | 1 |
_aSaltillo, Coahuila, México : _b Universidad Autónoma de Coahuila ; _aMéxico D.F. : _bPlaza y Valdés S.A. de C.V. ; _aMadrid, España : _bPlaza y Valdés, S.L., _c[2013] |
|
| 300 | _a1 online resource. | ||
| 336 |
_atext _btxt _2rdacontent |
||
| 337 |
_acomputer _bc _2rdamedia |
||
| 338 |
_aonline resource _bcr _2rdacarrier |
||
| 347 |
_atext file _2rdaft |
||
| 347 | _bPDF | ||
| 504 | _aIncludes bibliographical references. | ||
| 588 | 0 | _aOnline resource; title from PDF title page (Digitalia, viewed May 14, 2021) | |
| 650 | 0 | _aBurn out (Psychology) | |
| 650 | 0 |
_aExecutives _xJob stress _zMexico. |
|
| 650 | 0 |
_aFood industry and trade _zMexico. |
|
| 655 | 0 | _aElectronic books. | |
| 700 | 1 |
_aFernández Ruiz, Silvestre, _eeditor. |
|
| 700 | 1 |
_aVásquez Mireles, Rosalva D. _eeditor. |
|
| 791 | 2 |
_aDigitalia (Firm), _edistributor. |
|
| 793 | 0 |
_gDigitalia eBook Collection: _aPlaza y Valdés Editores |
|
| 776 | 0 | 8 |
_iPrint version: _tEfectos del estrés (SQT) en los directivos y/o propietarios de PYMES. _bPrimera edición. _dCoahuila, México : Universidad Autónoma de Coahuila ; México D.F. : Plaza y Valdés S.A. de C.V. ; Madrid, España : Plaza y Valdés, S.L., [2013] _z9786074025729 |
| 856 | 4 | 0 |
_3Digitalia Hispánica _uhttps://www.digitaliapublishing.com/a/52486/ |
| 910 | _aPremium collection: 2021 | ||
| 942 | _cRAA | ||
| 999 |
_c253342 _d253342 |
||